| 000 | 00945nmm a2200265 a 4500 | ||
|---|---|---|---|
| 001 | ocm000701469 | ||
| 003 | TR-IsHL | ||
| 005 | 20201028141846.0 | ||
| 008 | 131226s1998 tu tur | ||
| 007 | cr cn | ||
| 035 |
_a701469 _b(N$T) |
||
| 050 | 0 | 4 |
_aHG5452 _b.A98 1998 |
| 090 | 0 | 4 |
_aHG5452 _b.A98 1998 |
| 245 | 1 | 0 |
_aAvusturya'daki Türk girişimciler _h[electronic resource] / _chaz. Selçuk Tayfun Ok, Atilla İmrahor İlyas |
| 260 |
_aİstanbul : _bİstanbul Ticaret Odası, _c1998 |
||
| 300 | _a104 p. | ||
| 650 | 4 | _aEkonomi ve Finans | |
| 650 | 4 | _aEconomics and Finance | |
| 650 | 0 |
_aYatırımlar, Türk _x Avusturya |
|
| 650 | 0 |
_aInvestments, Turkish _x Avusturya |
|
| 650 | 7 |
_aBUSINESS & ECONOMICS / Investments & Securities / General _2bisacsh |
|
| 700 | 1 | _aOk, Selçuk Tayfun | |
| 700 | 1 | _aİlyas, Atilla İmrahor | |
| 856 | 4 | 0 | _uhttp://search.ebscohost.com/login.aspx?direct=true&scope=site&db=e011xww&AN=701469 |
| 999 |
_c8040 _d8040 |
||